00469nam a2200181Ia 4500008004100000020001400041050001400055100001800069245005300087245004800140260001500188260001600203260000900219300001400228300002700242300001000269500000800279170918s9999 xx 000 0 und d a439385903 bS631 2000 aSlate, Joseph aMiss Bindergarten stays home from Kindergarten / cJoseph Slate ; illustrated by Ashley Wolff. aNew York : bScholastic, c2000 aunpaged : bcolored illustration ; c28cm. a270